El movimiento obrero en Nicaragua : apuntes para el conocimiento de su historia /
Esta serie de folletos tiene como objetivo poner la atención en el movimiento obrero revolucionario nicaragüense, actor importante en el desarrollo social nacional, recogiendo la memoria histórica colectiva. Busca contribuir al estudio de la historia de este país centroamericano.
Guardat en:
| Autor principal: | |
|---|---|
| Altres autors: | |
| Format: | Llibre |
| Idioma: | espanyol |
| Publicat: |
Managua, Nicaragua : 1981
Dávila Bolaños,
|
| Matèries: | |
| Etiquetes: |
Sense etiquetes, Sigues el primer a etiquetar aquest registre!
|
MARC
| LEADER | 00000nam^a2200000^a^4500 | ||
|---|---|---|---|
| 001 | 000395444 | ||
| 005 | 20250526000000.0 | ||
| 009 | 20260310121403.953 | ||
| 037 | |a Acervo ITESO - Biblioteca | ||
| 041 | |a ESP | ||
| 082 | |a 331. 88097285 |b MOV V. 1 | ||
| 100 | |a Pérez Bermúdez, Carlos |e (autor) | ||
| 240 | 1 | 4 | |a [El movimiento obrero en Nicaragua] |
| 245 | 1 | 3 | |a El movimiento obrero en Nicaragua : |b apuntes para el conocimiento de su historia / |c C. Pérez Bermúdez, O. Guevara López. |
| 264 | 1 | |a Managua, Nicaragua : |b Dávila Bolaños, |a 1981 | |
| 300 | |a 22 p. ; |c 21.0 cm. | ||
| 336 | |a texto |b txt |2 rdacontenido | ||
| 337 | |a sin mediación |b n |2 rdamedio | ||
| 338 | |a volumen |b nc |2 rdasoporte | ||
| 520 | |a Esta serie de folletos tiene como objetivo poner la atención en el movimiento obrero revolucionario nicaragüense, actor importante en el desarrollo social nacional, recogiendo la memoria histórica colectiva. Busca contribuir al estudio de la historia de este país centroamericano. | ||
| 649 | |a XX | ||
| 650 | |a Revolucionarios Nicaragüenses | ||
| 650 | |a Movimientos Obreros - |z Nicaragua - |x Histoia - |x Tema Principal | ||
| 650 | |a Economía Laboral - |z Nicaragua | ||
| 650 | |a Nicaragua - |x Condiciones Económicas | ||
| 650 | |a Nicaragua - |x Historia - |y Siglo XX | ||
| 650 | |a Sandino, Augusto César | ||
| 700 | |a Guevara López, Onofre |e (autor) | ||
| 910 | |a Fondo Carlos Núñez Hurtado | ||
| 920 | |a Impresos - Libros | ||
| 930 | |a Libros Antiguos y Raros | ||
| 905 | |a 108 | ||
| 901 | |a 0500290632 |b IT2 |c LRA |i D81080 |u 20250526 | ||
| 902 | |a https://opac.biblio.iteso.mx/vufind/Record/000395444 | ||